• 首页
  • 本馆介绍
  • 公告通知
  • 最新文献
  • 馆藏检索
  • 电子资源
  • 读者导购
  • 参考咨询
  • 我的图书馆
  • 登录
  • 详细信息显示
  • 放入我的书架
  • 预约/预借图书
  • 作者相关作品
  • 分类相关作品
  • 丛书相关作品
  • 出版社相关作品

书目信息

  • 表格格式
  • 工作单格式
  • 卡片格式
题名:
小学语文教育学
    
 
作者: 徐家良 主编 ;卫拯民 编写
分册:  
出版信息: 北京   高等教育出版社  1997
页数: 247页
开本: 20cm
丛书名:
单 册:
中图分类: G623.2
科图分类: 38.6341
主题词: 语文-教育学--小学 , 教育学-语文--小学
电子资源:
ISBN: 7-04-006303-4
000 00781nam0 2200253 45
001 0193012229
005 20070619164600.10
010    @a7-04-006303-4@dCNY8.50
100    @a19800101d1997 em y0chiy0121 ea
101 0  @achi
102    @aCN@b110000
105    @ay z 000yy
200 10 @a小学语文教育学@AXIAO XUE YU WEN JIAO YU XUE@f徐家良主编@Fxu jia liang zhu bian
210    @a北京@c高等教育出版社@d1997@h1999
215    @a247页@d20cm
300    @a教育部师范司推荐 小学教师进修高等师范专科小学教育专业教材 文科方向
606    @a语文-教育学@x小学
606    @a教育学-语文@x小学
690    @aG623.2@v三版
692    @a38.6341
701  0 @a徐家良@Axu jia liang@4主编
702  0 @a卫拯民@AWEI ZHENG MIN@4编写
801  0 @aCN@bTSSF@c20070619
905    @a10447@dG623.2@e297
    
    小学语文教育学/徐家良主编.-北京:高等教育出版社,1997(1999)
    247页;20cm
    教育部师范司推荐 小学教师进修高等师范专科小学教育专业教材 文科方向
    
    ISBN 7-04-006303-4:CNY8.50
    
●
相关链接 在E读中查询图书 在五车中查询图书 在当当中查询图书 在豆瓣中查询图书


正题名:小学语文教育学     索取号:G623.2/297         预约/预借

序号 登录号 条形码 馆藏地/架位号 状态 备注
1 0654824   206548244   第一样本阅览室/ [索取号:G623.2/297] 在馆    
唐山师范学院图书馆 欢迎您!
大连网信软件有限公司© 版权所有